| 000 | 00440cam a2200181ua 4500 | ||
|---|---|---|---|
| 020 | _c7.50 | ||
| 041 |
_aeng _h |
||
| 082 |
_a540 _bKUN/PR |
||
| 100 | _aKunjikrishnan Nair, M . | ||
| 245 |
_aPre degree chemistry / _cM Kunjikrishnan Nair. _hTextual Documents |
||
| 250 |
_a2 / _b. |
||
| 260 |
_a : _bMeera Publication Works , _c1966. |
||
| 300 | _a736 ; . | ||
| 365 | _a7.50 | ||
| 504 | _a | ||
| 942 | _cBK | ||
| 999 |
_c7092 _d7092 |
||